| 000 | 00844nam a2200205 u 4500 | ||
|---|---|---|---|
| 001 | 000484090 | ||
| 003 | AM-YeHGA | ||
| 005 | 20250617134213.0 | ||
| 008 | 060412s1973 ||||||||||||||||||||rus d | ||
| 040 | _aAM-YeHGA | ||
| 041 | 0 | _arus | |
| 245 | 0 | 0 |
_aПамять и ее развитие / _cМ-во просвещ. РСФСР. Улянов. гос. пед. ин-т им. И.Н. Ульянова ; Отв. ред. Я.В. Большунов. |
| 260 |
_aУльяновск : _bБ. и., _c1973. |
||
| 300 | _aвып. | ||
| 505 | 1 | 0 |
_g[Вып. 1 (1973, 112 с.] _gВып. 2 (1976, 172 с.) |
| 650 | 1 | 4 | _aПсихология |
| 700 | 1 |
_aБольшунов, Я.В. _eред. _4edt |
|
| 710 | 2 | _aУльяновский государственный педагогический институт им. И.Н. Ульянова | |
| 090 | _c179475 | ||
| 999 |
_c178028 _d178028 |
||